| 000 | 00401nam a2200157 i 4500 | ||
|---|---|---|---|
| 001 | bg | ||
| 100 | 1 | _aDOBRUCKI, Marek | |
| 245 | 0 |
_aJak w dawnej Polsce królów obierano / _cMarek Dobrucki. |
|
| 260 |
_aWarszawa, _c1976. |
||
| 651 | 9 |
_aPolska _xhistoria _y16-18 w. |
|
| 040 | _cBPK | ||
| 041 | _apol | ||
| 080 | _a943.8:342(438)"15/17" | ||
| 942 | _cKS | ||
| 008 | s pl f |000 0 pol | ||
| 999 |
_c17425 _d17425 |
||
| 856 |
_uhttp://koha.tu.koszalin.pl/cgi-bin/koha/opac-detail.pl?biblionumber=17425 _yKatalog online BPK |
||